Pelajaran dan perguruan Melayu di Malaya Zaman British / (Record no. 4164)
[ view plain ]
| 000 -LEADER | |
|---|---|
| fixed length control field | aam a22 a 4500 |
| 003 - CONTROL NUMBER IDENTIFIER | |
| control field | AKMAL |
| 005 - DATE AND TIME OF LATEST TRANSACTION | |
| control field | 20170525125056.0 |
| 008 - FIXED-LENGTH DATA ELEMENTS--GENERAL INFORMATION | |
| fixed length control field | 170525s1980 my a a00 may d |
| 082 04 - DEWEY DECIMAL CLASSIFICATION NUMBER | |
| Classification number | 959.503 AWA |
| 090 00 - LOCALLY ASSIGNED LC-TYPE CALL NUMBER (OCLC); LOCAL CALL NUMBER (RLIN) | |
| Classification number (OCLC) (R) ; Classification number, CALL (RLIN) (NR) | 959.503 |
| Local cutter number (OCLC) ; Book number/undivided call number, CALL (RLIN) | AWA |
| 100 0# - MAIN ENTRY--PERSONAL NAME | |
| Personal name | Awang Had Salleh, |
| Titles and words associated with a name | Tan Sri Dato', |
| Dates associated with a name | 1934- |
| 9 (RLIN) | 4543 |
| 245 10 - TITLE STATEMENT | |
| Title | Pelajaran dan perguruan Melayu di Malaya Zaman British / |
| Statement of responsibility, etc. | Awang Had Salleh |
| 260 ## - PUBLICATION, DISTRIBUTION, ETC. | |
| Place of publication, distribution, etc. | Kuala Lumpur : |
| Name of publisher, distributor, etc. | Dewan Bahasa dan Pustaka, |
| Date of publication, distribution, etc. | 1980 |
| 300 00 - PHYSICAL DESCRIPTION | |
| Extent | 166ms. : |
| Other physical details | il. ; |
| Dimensions | 22cm. |
| 490 0# - SERIES STATEMENT | |
| Series statement | Siri pelajaran tinggi DBP ; |
| Volume/sequential designation | bil.6 |
| 504 ## - BIBLIOGRAPHY, ETC. NOTE | |
| Bibliography, etc. note | Bibliography: p.163-166 |
| 650 #0 - SUBJECT ADDED ENTRY--TOPICAL TERM | |
| Topical term or geographic name entry element | Teachers, Training of |
| Geographic subdivision | Malaya |
| 9 (RLIN) | 8175 |
| 650 #0 - SUBJECT ADDED ENTRY--TOPICAL TERM | |
| Topical term or geographic name entry element | Education |
| Geographic subdivision | Malaya |
| 9 (RLIN) | 8176 |
| 942 ## - ADDED ENTRY ELEMENTS (KOHA) | |
| Source of classification or shelving scheme | |
| Koha item type | Book |
| Withdrawn status | Lost status | Source of classification or shelving scheme | Damaged status | Not for loan | Collection code | Home library | Current library | Shelving location | Date acquired | Inventory number | Total Checkouts | Full call number | Barcode | Date last seen | Price effective from | Koha item type |
|---|---|---|---|---|---|---|---|---|---|---|---|---|---|---|---|---|
| NON-FICTION | AKMAL Melaka | AKMAL Melaka | PINJAMAN | 25.05.2017 | 900318 | 959.503 AWA | 201705474 | 25.05.2017 | 25.05.2017 | Book | ||||||
| NON-FICTION | AKMAL Melaka | AKMAL Melaka | PINJAMAN | 25.05.2017 | 900317 | 959.503 AWA | 201705502 | 25.05.2017 | 25.05.2017 | Book |
